000 00875cab a2200289 4500
001 WB3243-39
008 090401t1996 xxu||||| |||| 00| 0 eng d
035 _a(Sirsi) u50353
041 _aeng
245 _aCasinos for cities and spa towns
260 _c1996
350 _a0
490 _aTimes
_v13 November 1996, 7
490 _aDaily Telegraph
_v13 November 1996, 1
490 _aHome Office News Release
_v(349/96) 12 November 1996, (4)
520 _aGovernment is lifting restrictions on gambling allowing casinos to open in designated cathedral cities and spa towns.
650 _aCASINOS
650 _aCONFERENCE CENTRES
650 _aGAMBLING ACT 1968
650 _aGAMBLING PROPERTIES
650 _aGAMBLING
650 _aLEISURE INDUSTRY
650 _aLICENSING HOURS
690 _aLEISURE AND RECREATION
942 _n0
948 _c04/03/1997
999 _c31423
_d31423